| 000 | 00000nam 2200000za 4500 |
| 001 | 9.811937 |
| 003 | CaOODSP |
| 005 | 20221107141213 |
| 007 | cr ||||||||||| |
| 008 | 160226s2001 onc #o f000 0 fre d |
| 020 | |a0-662-86321-8 |
| 040 | |aCaOODSP|bfre |
| 043 | |an-cn--- |
| 086 | 1 |aEn40-645/2001E-IN |
| 100 | 1 |aSaner, Marc A.|d1961-|q(Marc Albert) |
| 245 | 10|aNotions élémentaires à l'intention des scientifiques |h[ressource électronique] : |bles aspects éthiques de la recherche en biotechnologie enrivronnementale / |cMarc Saner. |
| 260 | |aOttawa : |bEnvironnement Canada, |cc2001. |
| 500 | |aPubli. aussi en anglais sous le titre : A primer for scientists : ethical issues of environmental biotechnology research. |
| 504 | |aComprend des références bibliographiques. |
| 692 | 07|2gccst|aBiotechnologie |
| 692 | 07|2gccst|aÉthique |
| 710 | 1 |aCanada. |bEnvironnement Canada. |
| 710 | 2 |aInstitut sur la gouvernance. |
| 775 | 08|tA primer for scientists |w(CaOODSP)9.811933 |
| 856 | 40|qPDF|s267 Ko|uhttps://publications.gc.ca/collections/collection_2016/eccc/En40-645-2001-fra.pdf |